| 000 | 02879nam a22002297a 4500 | ||
|---|---|---|---|
| 001 | 6621 | ||
| 003 | FISKH | ||
| 005 | 20250516101124.0 | ||
| 008 | 250516b cb ||||| |||| 00| 0 eng d | ||
| 040 |
_aFISKH _bkhr _cFISKH _dFISKH |
||
| 082 | _a800 | ||
| 100 | _aSamnang, Mao | ||
| 245 |
_aកុលាបទងពេជ្រ : _bប្រលោមលោកមនោសញ្ចេតនា / _cដោយ អ្នកស្រី ម៉ៅ សំណាង សមាជិកាសមាគមអ្នកនិពន្ធខ្មែរ |
||
| 260 |
_aភ្នំពេញ : _bបណ្ណាល័យ សុរិយារង្សី , _c២០១០ . |
||
| 300 |
_a149 pages : _billustrations ; _c21 cm. |
||
| 520 | _aរឿងនេះនិយាយអំពីកុលាប ដែលជាស្ត្រីមានសម្រស់ បែបសាមញ្ញ តែមានចរិតល្អ។ នាងត្រូវជួបប្រទះនឹងការឈឺចាប់នៅក្នុងស្នេហា ដោយសារតែបញ្ហាសង្គម និងចម្ងាយជាតិសាសន៍ ឬថ្នាក់សង្គម។ ពេជ្រ ជាបុរសដែលស្រឡាញ់កុលាបយ៉ាងជាទីបំផុត ប៉ុន្តែត្រូវប្រឈមជាមួយការបដិសេធ ព្រោះគ្រួសាររបស់គេមិនពេញចិត្តចំពោះស្រីដែលមកពីថ្នាក់សង្គមទាបជាង។ ទោះបីជាការស្រឡាញ់របស់ពួកគេពិតប្រាកដក៏ដោយ ប៉ុន្តែសង្គម និងអំណាចលុយបានបំបំបាក់សុបិន្តស្រស់ស្អាតនោះ។ នៅចុងបញ្ចប់ នេះជារឿងដែលបង្ហាញពីគំនិតថា ស្រឡាញ់មិនអាចឈ្នះសង្គម និងការរើសអើងបានជានិច្ចទេ។ | ||
| 520 | _aThis story is about Kolab, a beautiful yet humble woman with a good character. She experiences pain in love due to social issues and differences in class or ethnicity. Pich, a man who deeply loves Kolab, faces rejection because his family disapproves of a woman from a lower social class. Even though their love is genuine, society and the power of money ultimately crush their beautiful dream. In the end, the story conveys the idea that love cannot always overcome societal barriers and discrimination. | ||
| 650 |
_aកុលាបទងពេជ្រ _vប្រលោមលោកមនោសញ្ចេតនា |
||
| 650 |
_aKolab torng pich _vRomantic Literature |
||
| 942 |
_2ddc _cKHB _n0 |
||
| 999 |
_c6621 _d6621 |
||